Game of Thrones Charaktere Nachnamen - Statistiken

Allgemein
  • Dieses Quiz wurde 1.879 mal gespielt
  • Das Durchschnittsergebnis liegt bei 13 aus 18
Antwortstatistiken
Vorname Nachname % Korrekt
Sansa Stark
98%
Tyrion Lannister
96%
Stannis Baratheon
93%
Theon Graufreud
91%
Daenerys Targaryen
86%
Walder Frey
84%
Margaery Tyrell
82%
Jorah Mormont
78%
Oberyn Martell
77%
Petyr Baelish
70%
Samwell Tarly
70%
Edmure Tully
66%
Sandor Clegane
65%
Roose Bolton
58%
Davos Seewert
52%
Manke Rayder
48%
Jojen Reet
38%
Janos Slynt
31%
Keine übereinstimmenden Quizze gefunden
Verteilung der Resultate
Anzahl Personen mit jedem Resultat
Perzentil nach korrekt beantworteten Fragen
Ihre Resultats-Entwicklung
Sie haben dieses Quiz noch nicht gespielt